000 01101cam a22002651 4500
001 af 47003796
003 DLC
005 20260227110822.0
008 790621s1943 be a b 000 0 fre
010 _aaf 47003796
035 _a(OCoLC)5089428
040 _aDLC
_cTxCM
_dDLC
042 _apremarc
050 0 0 _aQH3
_b.B852 fasc. 26
100 1 _aWitte, G. F. de
_q(Gaston François)
245 1 0 _aContribution à la systématique des formes dégradées de la famille des Scincidae apparentées au genre Scelotes Fitzinger,
_cpar Gaston-François de Witte et Raymond Laurent.
260 _aBruxelles,
_bMusée royal d'histoire naturelle de Belgique,
_c1943.
300 _a44 p.
_billus. (incl. diagr.)
_c33 cm.
490 1 _aMémoires du Musée royal d'histoire naturelle de Belgique. 2. sér.,
_vfasc. 26
500 _aImprint and series title also in Flemish.
504 _aBibliographical foot-notes.
650 0 _aScelotes.
700 1 _aLaurent, R. F.
_q(Raymond F.),
_d1917-
_ejoint author.
810 2 _aInstitut royal des sciences naturelles de Belgique.
_tMémoires. 2. sér. ;
_vfasc. 26.
999 _c2336
_d2336